[Event "SVK-chT2D 1920"]
[Site "Slovakia"]
[Date "2019.10.26"]
[Round "1.7"]
[White "Butala, Stefan"]
[Black "Tkac, Miroslav"]
[Result "1-0"]
[WhiteElo "1847"]
[BlackElo "1696"]
[PlyCount "51"]
[EventDate "2019.10.26"]
[EventType "team-tourn"]
[EventRounds "11"]
[EventCountry "SVK"]
[SourceTitle "CBM 193 Extra"]
[Source "ChessBase"]
[SourceDate "2020.01.31"]
[SourceVersion "1"]
[SourceVersionDate "2020.01.31"]
[SourceQuality "1"]
[WhiteTeam "Velke Kapusany"]
[BlackTeam "Presov Slavia PU"]
[WhiteTeamCountry "SVK"]
[BlackTeamCountry "SVK"]

1. d4 Nf6 2. Nf3 d6 3. h3 g6 4. Bf4 Bg7 5. e3 0-0 6. Be2 b6 7. 0-0 Bb7 8. c3 Nbd7 9. Nbd2 Ne4 10. a4 a5 11. Qc2 Ndf6 12. Rfd1 c5 13. Bh2 Rc8 14. Qb3 Nxd2 15. Nxd2 cxd4 16. exd4 Bd5 17. c4 Be6 18. d5 Bf5 19. Nf3 Ne4 20. Nd4 Nc5 21. Qa3 Bd7 22. Nb5 Bf5 23. Na7 Rc7 24. Nc6 Qc8 25. Re1 Bd7 26. Nxe7+ 1-0

[Event "SVK-chT2D 1718"]
[Site "Slovakia"]
[Date "2018.01.14"]
[Round "6.6"]
[White "Butala, Stefan"]
[Black "Belis, Rudolf"]
[Result "0-1"]
[WhiteElo "1890"]
[BlackElo "1994"]
[PlyCount "76"]
[EventDate "2017.10.28"]
[EventType "team-tourn"]
[EventRounds "11"]
[EventCountry "SVK"]
[SourceTitle "EXT 2019"]
[Source "ChessBase"]
[SourceDate "2018.10.10"]
[SourceVersion "1"]
[SourceVersionDate "2018.10.10"]
[SourceQuality "1"]
[WhiteTeam "Velke Kapusany"]
[BlackTeam "Presov Tatran II"]
[WhiteTeamCountry "SVK"]
[BlackTeamCountry "SVK"]

1. d4 d5 2. c4 c6 3. Nc3 e5 4. cxd5 cxd5 5. dxe5 d4 6. Ne4 Qa5+ 7. Nd2 Nh6 8. Ngf3 Nf5 9. g3 Ne3 10. fxe3 dxe3 11. Bg2 Bb4 12. 0-0 exd2 13. Bxd2 0-0 14. Bf4 Nc6 15. a3 Be7 16. b4 Qb6+ 17. Kh1 Be6 18. Qd2 Rfd8 19. Qb2 Rd7 20. Rad1 Rad8 21. Rxd7 Rxd7 22. Rc1 a6 23. h3 h6 24. Qc3 Qd8 25. Kh2 Bf8 26. Qc2 g6 27. g4 Bg7 28. Bg3 Kh7 29. Qc3 Qe8 30. Qe3 Bd5 31. Rc5 f6 32. b5 axb5 33. Rxb5 Bf7 34. Qc3 fxe5 35. Qc2 e4 36. Ng1 Nd4 37. Qb1 Nxb5 38. Qxb5 Re7 0-1

[Event "SVK-chT2D 1718"]
[Site "Slovakia"]
[Date "2017.10.28"]
[Round "1.7"]
[White "Butala, Stefan"]
[Black "Zavadsky, Peter1111"]
[Result "1/2-1/2"]
[WhiteElo "1890"]
[BlackElo "1902"]
[PlyCount "106"]
[EventDate "2017.10.28"]
[EventType "team-tourn"]
[EventRounds "11"]
[EventCountry "SVK"]
[SourceTitle "EXT 2019"]
[Source "ChessBase"]
[SourceDate "2018.10.10"]
[SourceVersion "1"]
[SourceVersionDate "2018.10.10"]
[SourceQuality "1"]
[WhiteTeam "Velke Kapusany"]
[BlackTeam "Spisska Nova Ves"]
[WhiteTeamCountry "SVK"]
[BlackTeamCountry "SVK"]

1. d4 Nf6 2. Nf3 e6 3. c4 d5 4. Nc3 Bb4 5. Bg5 0-0 6. e3 c6 7. Rc1 Nbd7 8. cxd5 exd5 9. a3 Bd6 10. Bd3 Re8 11. 0-0 Nf8 12. Bh4 Bg4 13. Be2 Ng6 14. Bg3 Ne4 15. Nxe4 dxe4 16. Nd2 Bxe2 17. Qxe2 f5 18. Nc4 Bxg3 19. fxg3 Qd5 20. Nd2 b6 21. Qc4 Rac8 22. Rxf5 Qxc4 23. Rxc4 Ne7 24. Re5 Nd5 25. Rxe8+ Rxe8 26. Kf2 Re6 27. Ke2 Kf7 28. Rc1 Ke7 29. h3 g6 30. g4 g5 31. Nf1 Kd7 32. Ng3 Ne7 33. Rf1 h6 34. Rf7 Ke8 35. Rh7 a5 36. Nf5 Nxf5 37. gxf5 Rf6 38. g4 c5 39. Kd2 Rd6 40. Ke2 cxd4 41. exd4 Rxd4 42. Rxh6 Rd3 43. Rxb6 Rxh3 44. Rb5 Kf7 45. Rxa5 Rb3 46. Ra4 Rxb2+ 47. Ke3 Rg2 48. Rxe4 Rg3+ 49. Kf2 Rxa3 50. Re6 Ra4 51. Kf3 Ra3+ 52. Re3 Ra4 53. Kg3 Rb4 1/2-1/2

[Event "SVK-chT2D 1617"]
[Site "Slovakia"]
[Date "2017.03.12"]
[Round "11.8"]
[White "Butala, Stefan"]
[Black "Antal, Jakub"]
[Result "1-0"]
[WhiteElo "1855"]
[BlackElo "1742"]
[PlyCount "69"]
[EventDate "2016.10.08"]
[EventType "team-tourn"]
[EventRounds "11"]
[EventCountry "SVK"]
[SourceTitle "EXT 2019"]
[Source "ChessBase"]
[SourceDate "2018.10.10"]
[SourceVersion "1"]
[SourceVersionDate "2018.10.10"]
[SourceQuality "1"]
[WhiteTeam "Velke Kapusany"]
[BlackTeam "Kosice Slavia TU IV"]
[WhiteTeamCountry "SVK"]
[BlackTeamCountry "SVK"]

1. d4 Nf6 2. Nf3 g6 3. Bf4 Bg7 4. h3 0-0 5. e3 d6 6. Be2 Nbd7 7. 0-0 c5 8. c3 b6 9. a4 Bb7 10. Nbd2 Rc8 11. a5 Re8 12. Bh2 e5 13. dxe5 dxe5 14. Nc4 Ne4 15. axb6 axb6 16. Ra7 Bc6 17. Nfd2 Nxd2 18. Qxd2 Qg5 19. f3 Rcd8 20. Qc1 Bh6 21. Kh1 Ra8 22. Rc7 Re6 23. Qd1 Qd8 24. Rxc6 Rxc6 25. Qd5 Rc7 26. Rd1 Qc8 27. Nd6 Qf8 28. Nxf7 Nf6 29. Nxh6+ Kg7 30. Bxe5 Kxh6 31. Bxf6 Qxf6 32. Qxa8 Kg7 33. Qd8 Qe5 34. Qd6 Qxd6 35. Rxd6 1-0

[Event "SVK-chT2D 1617"]
[Site "Slovakia"]
[Date "2016.12.04"]
[Round "6.7"]
[White "Butala, Stefan"]
[Black "Spinler, Dalibor"]
[Result "1-0"]
[WhiteElo "1855"]
[BlackElo "1685"]
[PlyCount "129"]
[EventDate "2016.10.08"]
[EventType "team-tourn"]
[EventRounds "11"]
[EventCountry "SVK"]
[SourceTitle "EXT 2018"]
[Source "ChessBase"]
[SourceDate "2017.10.13"]
[SourceVersion "1"]
[SourceVersionDate "2017.10.13"]
[SourceQuality "1"]
[WhiteTeam "Velke Kapusany"]
[BlackTeam "Sabinov II"]
[WhiteTeamCountry "SVK"]
[BlackTeamCountry "SVK"]

1. d4 d5 2. c4 Nf6 3. Nc3 g6 4. Bf4 a6 5. e3 c6 6. h3 Bg7 7. Nf3 0-0 8. Be2 Bf5 9. Qb3 b5 10. cxd5 cxd5 11. 0-0 Nc6 12. a3 Rc8 13. Rac1 Qd7 14. Ne5 Qd8 15. Nxc6 Rxc6 16. a4 bxa4 17. Nxa4 Qc8 18. Rxc6 Qxc6 19. Nc5 Ne4 20. Rc1 Be6 21. Nd3 Qa8 22. Rc7 Re8 23. Qb7 Bf6 24. f3 Nd6 25. Bxd6 exd6 26. Qc6 Be7 27. b4 Qxc6 28. Rxc6 Ra8 29. Kf2 Kf8 30. Rb6 Ke8 31. Nf4 a5 32. bxa5 Rxa5 33. Rb5 Rxb5 34. Bxb5+ Bd7 35. Nxd5 Bxb5 36. Nc7+ Kd7 37. Nxb5 Ke6 38. e4 h6 39. Ke3 f6 40. Nc7+ Kf7 41. f4 Bd8 42. Nb5 Be7 43. Kd3 f5 44. e5 dxe5 45. fxe5 Ke6 46. Nc7+ Kd7 47. Nd5 Bd8 48. Kc4 g5 49. Kd3 Ke6 50. Ne3 h5 51. Nc4 g4 52. hxg4 fxg4 53. Ke4 h4 54. d5+ Ke7 55. Kf4 g3 56. Ne3 Kf7 57. Kg4 Kg6 58. Nc4 Bc7 59. Kxh4 Kf5 60. d6 Bb8 61. Kxg3 Ke6 62. Kf4 Ba7 63. g4 Bg1 64. Ke4 Bh2 65. g5 1-0

[Event "SVK-chT2D 1617"]
[Site "Slovakia"]
[Date "2016.12.03"]
[Round "5.7"]
[White "Butala, Stefan"]
[Black "Barancik, Michal"]
[Result "1/2-1/2"]
[WhiteElo "1855"]
[BlackElo "1856"]
[PlyCount "66"]
[EventDate "2016.10.08"]
[EventType "team-tourn"]
[EventRounds "11"]
[EventCountry "SVK"]
[SourceTitle "EXT 2018"]
[Source "ChessBase"]
[SourceDate "2017.10.13"]
[SourceVersion "1"]
[SourceVersionDate "2017.10.13"]
[SourceQuality "1"]
[WhiteTeam "Velke Kapusany"]
[BlackTeam "Humenne Reinter II"]
[WhiteTeamCountry "SVK"]
[BlackTeamCountry "SVK"]

1. d4 d5 2. c4 e6 3. Nc3 Nf6 4. Bg5 Nbd7 5. a3 c6 6. Nf3 Be7 7. e3 b6 8. Bd3 Bb7 9. 0-0 0-0 10. Qe2 c5 11. cxd5 Nxd5 12. Bxe7 Qxe7 13. Rfd1 cxd4 14. Nxd5 Bxd5 15. Nxd4 Nf6 16. Rac1 Rac8 17. Ba6 Bb7 18. b4 Nd5 19. Bxb7 Qxb7 20. Qd2 a6 21. a4 Rxc1 22. Rxc1 Rc8 23. b5 axb5 24. axb5 Rxc1+ 25. Qxc1 Qc7 26. Nc6 f6 27. Qc4 Kf7 28. g3 Qd7 29. Qe4 f5 30. Qd4 Qc7 31. Kg2 Nf6 32. f3 h5 33. Ne5+ Ke7 1/2-1/2

[Event "SVK-chT2D 1617"]
[Site "Slovakia"]
[Date "2016.11.05"]
[Round "3.7"]
[White "Matirko, Ervin"]
[Black "Butala, Stefan"]
[Result "1/2-1/2"]
[WhiteElo "1770"]
[BlackElo "1855"]
[PlyCount "38"]
[EventDate "2016.10.08"]
[EventType "team-tourn"]
[EventRounds "11"]
[EventCountry "SVK"]
[SourceTitle "EXT 2018"]
[Source "ChessBase"]
[SourceDate "2017.10.13"]
[SourceVersion "1"]
[SourceVersionDate "2017.10.13"]
[SourceQuality "1"]
[WhiteTeam "Kosice Dynamo"]
[BlackTeam "Velke Kapusany"]
[WhiteTeamCountry "SVK"]
[BlackTeamCountry "SVK"]

1. d4 Nf6 2. c4 g6 3. Nc3 Bg7 4. g3 0-0 5. Bg2 d6 6. Nf3 a5 7. 0-0 Na6 8. Re1 c6 9. e4 Rb8 10. Qe2 Bd7 11. e5 dxe5 12. dxe5 Ne8 13. Bf4 Nec7 14. Rad1 Qc8 15. Ne4 Bg4 16. Qe3 Rd8 17. Rxd8+ Qxd8 18. Nc3 Ne6 19. Bh6 Bxf3 1/2-1/2

[Event "SVK-chT2D 1516"]
[Site "Slovakia"]
[Date "2016.03.12"]
[Round "10.7"]
[White "Spinler, Dalibor"]
[Black "Butala, Stefan"]
[Result "0-1"]
[WhiteElo "1693"]
[BlackElo "1875"]
[PlyCount "113"]
[EventDate "2015.10.17"]
[EventType "team-tourn"]
[EventRounds "11"]
[EventCountry "SVK"]
[SourceTitle "EXT 2017"]
[Source "ChessBase"]
[SourceDate "2016.10.25"]
[SourceVersion "1"]
[SourceVersionDate "2016.10.25"]
[SourceQuality "1"]
[WhiteTeam "Sabinov II"]
[BlackTeam "Velke Kapusany"]
[WhiteTeamCountry "SVK"]
[BlackTeamCountry "SVK"]

1. d4 Nf6 2. Nf3 g6 3. e3 Bg7 4. Bd3 d6 5. c3 a5 6. a4 Na6 7. Nbd2 0-0 8. 0-0 c5 9. Re1 Bd7 10. e4 cxd4 11. Nxd4 Nc5 12. Bc2 e5 13. N4f3 Ne8 14. Nc4 Be6 15. Ne3 Qb6 16. Ng5 Bb3 17. Bxb3 Qxb3 18. Qg4 Nf6 19. Qe2 h6 20. Nc4 Nxa4 21. Ra3 Qb5 22. Nf3 Ne8 23. Rd1 Nb6 24. Nfd2 a4 25. b3 d5 26. exd5 Nxd5 27. bxa4 Rxa4 28. Rb3 Qa6 29. Re1 f6 30. h3 Nec7 31. Ne3 Qxe2 32. Rxe2 Nf4 33. Re1 Nd3 34. Rd1 b5 35. Ne4 Nf4 36. Ng3 Ra1 37. Kf1 Rfa8 38. Ne2 Nfe6 39. Bb2 Rxd1+ 40. Nxd1 Rd8 41. Ke1 Nc5 42. Ra3 Nd3+ 43. Kf1 Nc5 44. Ra1 Ne4 45. f3 Nd2+ 46. Kf2 Nc4 47. Ke1 Ne6 48. Bc1 Nc5 49. Be3 Rxd1+ 50. Rxd1 Nxe3 51. Rd8+ Bf8 52. Rc8 Ne6 53. Rb8 Nxg2+ 54. Kf2 Nh4 55. Rxb5 Kf7 56. Nc1 Nf5 57. Nb3 0-1

[Event "SVK-chT2D 1516"]
[Site "Slovakia"]
[Date "2015.12.05"]
[Round "5.7"]
[White "Ferkova, Dominika"]
[Black "Butala, Stefan"]
[Result "1-0"]
[WhiteElo "1802"]
[BlackElo "1878"]
[PlyCount "85"]
[EventDate "2015.10.17"]
[EventType "team-tourn"]
[EventRounds "11"]
[EventCountry "SVK"]
[SourceTitle "CBM 170 Extra"]
[Source "ChessBase"]
[SourceDate "2016.02.25"]
[SourceVersion "1"]
[SourceVersionDate "2016.02.25"]
[SourceQuality "1"]
[WhiteTeam "Bardejov II"]
[BlackTeam "Velke Kapusany"]
[WhiteTeamCountry "SVK"]
[BlackTeamCountry "SVK"]

1. d4 Nf6 2. c4 g6 3. Nc3 Bg7 4. e4 d6 5. Nf3 0-0 6. Be2 a5 7. 0-0 Na6 8. a3 Bd7 9. Be3 c6 10. h3 Re8 11. Rb1 b5 12. cxb5 cxb5 13. b4 axb4 14. axb4 Qc7 15. Qb3 Rec8 16. Rfc1 Qb7 17. Ng5 e6 18. Bf3 Ne8 19. e5 d5 20. Nxd5 exd5 21. Bxd5 Qb6 22. Bxf7+ Kh8 23. d5 Qd8 24. Bxg6 Qe7 25. d6 Qf8 26. Rxc8 Bxc8 27. Bxe8 Qxe8 28. e6 Bb7 29. d7 Qe7 30. Qd3 Bf6 31. Bd4 Bxd4 32. Qxd4+ Kg8 33. Nf7 Qxe6 34. d8Q+ Rxd8 35. Nxd8 Qg6 36. Qg4 Be4 37. Rd1 Qxg4 38. hxg4 Bd3 39. Re1 Kg7 40. Nc6 Kf6 41. g5+ Kxg5 42. Re7 Bc4 43. Ra7 1-0

[Event "SVK-chT2D 14/15"]
[Site "Slovakia"]
[Date "2015.02.14"]
[Round "8.7"]
[White "Zuscin, Martin"]
[Black "Butala, Stefan"]
[Result "1-0"]
[WhiteElo "1856"]
[BlackElo "1933"]
[PlyCount "57"]
[EventDate "2014.10.11"]
[EventType "team-tourn"]
[EventRounds "11"]
[EventCountry "SVK"]
[SourceTitle "EXT 2019"]
[Source "ChessBase"]
[SourceDate "2018.10.10"]
[SourceVersion "1"]
[SourceVersionDate "2018.10.10"]
[SourceQuality "1"]
[WhiteTeam "Bardejov BSK"]
[BlackTeam "Velke Kapusany Energetik"]
[WhiteTeamCountry "SVK"]
[BlackTeamCountry "SVK"]

1. e4 c5 2. Nf3 d6 3. d4 cxd4 4. Nxd4 Nc6 5. Nc3 Nf6 6. Bg5 e6 7. Qd2 h6 8. Bxf6 gxf6 9. 0-0-0 a6 10. g3 h5 11. Kb1 Qc7 12. f4 Bd7 13. f5 Ne5 14. fxe6 fxe6 15. Bh3 Ke7 16. Nf5+ Kf7 17. Nxd6+ Bxd6 18. Qxd6 Rac8 19. Rhf1 Rhd8 20. Bxe6+ Bxe6 21. Qxc7+ Rxc7 22. Rxd8 Bh3 23. Rxf6+ Kg7 24. Nd5 Rc4 25. b3 Rxe4 26. Rb6 Nc6 27. Rxb7+ Kg6 28. Rd6+ Re6 29. Nf4+ 1-0

[Event "SVK-chT2D 14/15"]
[Site "Slovakia"]
[Date "2014.12.07"]
[Round "6.4"]
[White "Butala, Stefan"]
[Black "Stromp, Julius"]
[Result "1/2-1/2"]
[WhiteElo "1933"]
[BlackElo "2056"]
[PlyCount "60"]
[EventDate "2014.10.11"]
[EventType "team-tourn"]
[EventRounds "11"]
[EventCountry "SVK"]
[SourceTitle "EXT 2019"]
[Source "ChessBase"]
[SourceDate "2018.10.10"]
[SourceVersion "1"]
[SourceVersionDate "2018.10.10"]
[SourceQuality "1"]
[WhiteTeam "Velke Kapusany Energetik"]
[BlackTeam "Spisska Nova Ves"]
[WhiteTeamCountry "SVK"]
[BlackTeamCountry "SVK"]

1. d4 Nf6 2. Nf3 d5 3. c4 c6 4. Nc3 e6 5. Bg5 h6 6. Bf4 Bd6 7. e3 Bxf4 8. exf4 dxc4 9. Bxc4 0-0 10. 0-0 Nbd7 11. a4 Nb6 12. Bb3 a5 13. Qd2 Qd6 14. Rad1 Qb4 15. Qc2 Nbd5 16. g3 b6 17. Ne5 Bb7 18. Ba2 Rac8 19. Bb1 Qe7 20. Qb3 Nb4 21. f5 Nfd5 22. fxe6 Qxe6 23. Nxd5 Nxd5 24. Qf3 Rcd8 25. Rfe1 Qc8 26. Bf5 Qc7 27. Bd3 Nf6 28. Qf4 Qd6 29. Bc2 Qd5 30. f3 Qd6 1/2-1/2

[Event "SVK-chT2D 1314"]
[Site "Slovakia"]
[Date "2014.01.12"]
[Round "6.6"]
[White "Butala, Stefan"]
[Black "Balazs, Ladislav"]
[Result "0-1"]
[WhiteElo "1942"]
[BlackElo "1943"]
[PlyCount "52"]
[EventDate "2013.10.19"]
[EventType "team-tourn"]
[EventRounds "11"]
[EventCountry "SVK"]
[SourceTitle "EXT 2015"]
[Source "ChessBase"]
[SourceDate "2014.11.20"]
[SourceVersion "1"]
[SourceVersionDate "2014.11.20"]
[SourceQuality "1"]
[WhiteTeam "Velke Kapusany"]
[BlackTeam "Kosice Slavia TU IV"]
[WhiteTeamCountry "SVK"]
[BlackTeamCountry "SVK"]

1. d4 Nf6 2. c4 e5 3. dxe5 Ng4 4. Nf3 Bc5 5. e3 Nc6 6. Bd2 Qe7 7. a3 a5 8. Nc3 Ncxe5 9. Be2 c6 10. 0-0 h5 11. Nd4 d6 12. h3 f5 13. Re1 Qh4 14. Rf1 f4 15. Ne4 fxe3 16. fxe3 Nxe3 17. Nxd6+ Bxd6 18. Bxe3 Qe4 19. Nc2 Qg6 20. Kh1 Bg4 21. Bb6 Nxc4 22. Bd3 Qe6 23. hxg4 hxg4+ 24. Kg1 Bh2+ 25. Kh1 Bg3+ 26. Kg1 Rh1+ 0-1

[Event "SVK-chT2D 1112"]
[Site "Slovakia"]
[Date "2011.11.06"]
[Round "4.6"]
[White "Turzak, Milan1111"]
[Black "Butala, Stefan"]
[Result "0-1"]
[WhiteElo "1881"]
[BlackElo "1960"]
[PlyCount "108"]
[EventDate "2011.10.08"]
[EventType "team-tourn"]
[EventRounds "11"]
[EventCountry "SVK"]
[SourceTitle "EXT 2013"]
[Source "ChessBase"]
[SourceDate "2012.11.22"]
[SourceVersion "1"]
[SourceVersionDate "2012.11.22"]
[SourceQuality "1"]
[WhiteTeam "Gelnica Slovan"]
[BlackTeam "Velke Kapusany"]
[WhiteTeamCountry "SVK"]
[BlackTeamCountry "SVK"]

1. e4 c5 2. Nc3 d6 3. g3 Nc6 4. Bg2 Nf6 5. Nge2 Bg4 6. f3 Bd7 7. d4 cxd4 8. Nxd4 g6 9. Nce2 Bg7 10. c3 0-0 11. 0-0 a6 12. h3 Qc7 13. f4 Rab8 14. a4 Na5 15. Nb3 Bc6 16. Nd2 b5 17. axb5 Bxb5 18. Re1 Nc4 19. Nd4 Qb6 20. Kh2 Nd7 21. Nxc4 Bxc4 22. e5 dxe5 23. Nc6 Nc5 24. Nxb8 Qxb8 25. Bf1 Rd8 26. Qf3 Bd5 27. Qe3 Nb3 28. Rxa6 Nxc1 29. Rb6 Qc7 30. fxe5 Nb3 31. c4 Nd2 32. cxd5 Nf3+ 33. Qxf3 Qxb6 34. b3 Qd4 35. e6 fxe6 36. Rxe6 Rf8 37. Qe3 Rxf1 38. Rxe7 Qxe3 39. Rxe3 Rd1 40. Re8+ Kf7 41. Rd8 Rd2+ 42. Kg1 h5 43. Rd7+ Kf6 44. g4 hxg4 45. hxg4 Bf8 46. Rd8 Bc5+ 47. Kf1 Kg5 48. Ke1 Rd4 49. Ke2 Kxg4 50. Rc8 Rxd5 51. b4 Bg1 52. Rc6 g5 53. Rc4+ Kg3 54. Rc1 Bb6 0-1

[Event "SVK-chT2D 10/11"]
[Site "Slovakia"]
[Date "2011.03.06"]
[Round "9.1"]
[White "Butala, Stefan"]
[Black "Sromovsky, Jozef"]
[Result "1-0"]
[WhiteElo "1953"]
[BlackElo "2034"]
[PlyCount "92"]
[EventDate "2010.10.23"]
[EventType "team-tourn"]
[EventRounds "11"]
[EventCountry "SVK"]
[SourceTitle "EXT 2019"]
[Source "ChessBase"]
[SourceDate "2018.10.10"]
[SourceVersion "1"]
[SourceVersionDate "2018.10.10"]
[SourceQuality "1"]
[WhiteTeam "Velke Kapusany"]
[BlackTeam "Kezmarok KdV II"]
[WhiteTeamCountry "SVK"]
[BlackTeamCountry "SVK"]

1. d4 d5 2. Nf3 Nf6 3. c4 e6 4. Nc3 Be7 5. Bg5 Nbd7 6. e3 0-0 7. Bd3 b6 8. cxd5 Nxd5 9. Nxd5 exd5 10. Bf4 c5 11. 0-0 c4 12. Bc2 Bb7 13. a4 a6 14. Re1 f5 15. Qb1 g6 16. b3 Bb4 17. Rd1 c3 18. Bd3 Nf6 19. Bh6 Ne4 20. Bxf8 Qxf8 21. Qc2 Qf6 22. Ne5 Rc8 23. Qe2 Ra8 24. Bc2 Qd6 25. f3 Ng5 26. h4 Nf7 27. Nd3 a5 28. Ne1 Qe7 29. g3 Re8 30. Ng2 Nd6 31. Re1 Qf6 32. Bd3 Kh8 33. Rec1 g5 34. Kf2 gxh4 35. gxh4 f4 36. Nxf4 Qxh4+ 37. Kf1 Rg8 38. Qf2 Qf6 39. Qh2 Nf5 40. Kf2 Bd6 41. Rh1 Qf7 42. Rag1 Bc8 43. Rxg8+ Kxg8 44. Qh5 Qxh5 45. Nxh5 Kf7 46. Rc1 Bb4 1-0

[Event "SVK-chT2D 10/11"]
[Site "Slovakia"]
[Date "2011.02.05"]
[Round "6.6"]
[White "Husek, Zdenek"]
[Black "Butala, Stefan"]
[Result "1-0"]
[WhiteElo "2073"]
[BlackElo "1953"]
[PlyCount "87"]
[EventDate "2010.10.23"]
[EventType "team-tourn"]
[EventRounds "11"]
[EventCountry "SVK"]
[SourceTitle "EXT 2019"]
[Source "ChessBase"]
[SourceDate "2018.10.10"]
[SourceVersion "1"]
[SourceVersionDate "2018.10.10"]
[SourceQuality "1"]
[WhiteTeam "Kosice Slavia UPJS IV"]
[BlackTeam "Velke Kapusany"]
[WhiteTeamCountry "SVK"]
[BlackTeamCountry "SVK"]

1. d4 d5 2. c4 c6 3. Nf3 Nf6 4. Nc3 a6 5. a4 a5 6. Bf4 Na6 7. cxd5 Nxd5 8. Bg3 Bf5 9. e3 Nab4 10. Rc1 h6 11. Be2 e6 12. Qd2 Be7 13. 0-0 0-0 14. e4 Nxc3 15. bxc3 Bxe4 16. cxb4 Bxb4 17. Qe3 Bd5 18. Ne5 Qe7 19. Bf3 Rfd8 20. Bxd5 Rxd5 21. Nc4 Rad8 22. Rfd1 Re8 23. Nb6 Rdd8 24. Be5 f6 25. Bg3 g5 26. h4 Qg7 27. hxg5 hxg5 28. Qe2 Bd6 29. Bxd6 Rxd6 30. Qe1 Qc7 31. Qxa5 Rd5 32. Qb4 Rf5 33. Rc2 Rf4 34. Nc4 Rd8 35. Ne3 Kg7 36. Rd3 e5 37. Rcd2 Kg6 38. Qb2 Qa5 39. g3 Re4 40. Qc2 Kg7 41. f3 Rxe3 42. Rxe3 exd4 43. Re7+ Kf8 44. Qh7 1-0

[Event "SVK-chT2D 0910"]
[Site "Slovakia"]
[Date "2010.02.28"]
[Round "11.1"]
[White "Pacholsky, Martin"]
[Black "Butala, Stefan"]
[Result "1/2-1/2"]
[WhiteElo "2049"]
[BlackElo "1962"]
[PlyCount "135"]
[EventDate "2009.10.10"]
[EventType "team"]
[EventRounds "11"]
[EventCountry "SVK"]
[SourceTitle "EXT 2011"]
[Source "ChessBase"]
[SourceDate "2010.11.26"]
[SourceVersion "1"]
[SourceVersionDate "2010.11.26"]
[SourceQuality "1"]
[WhiteTeam "Margecany"]
[BlackTeam "Velke Kapusany"]
[WhiteTeamCountry "SVK"]
[BlackTeamCountry "SVK"]

1. e4 c5 2. d4 cxd4 3. c3 dxc3 4. Nxc3 d6 5. Nf3 a6 6. Bc4 e6 7. 0-0 Be7 8. Qe2 Nf6 9. Rd1 Qc7 10. Bf4 Nc6 11. Rac1 0-0 12. a3 Rd8 13. e5 dxe5 14. Nxe5 Nxe5 15. Bxe5 Qc6 16. Ba2 Rxd1+ 17. Qxd1 Qe8 18. Na4 Nd7 19. Bg3 b5 20. Qf3 Ra7 21. Qe3 Ra8 22. Qe4 Ra7 23. Qe3 Ra8 24. Qe4 Ra7 25. Bb1 Nf6 26. Qe3 Rd7 27. Nb6 Rd8 28. Bc7 Bb7 29. Bxd8 Qxd8 30. h3 g6 31. a4 Bb4 32. Qf4 Ba5 33. Qc7 Qd2 34. Rf1 Bd5 35. Qc8+ Kg7 36. Nxd5 Nxd5 37. Qxa6 bxa4 38. Be4 Nf6 39. Bf3 Bc7 40. Qe2 Qf4 41. g3 Qd4 42. Kg2 Be5 43. Re1 Bb8 44. Qc2 Be5 45. Re2 h5 46. Bc6 Bb8 47. Qxa4 Qd6 48. Bf3 Ng8 49. Qc6 Qd8 50. b4 Ne7 51. Qc3+ e5 52. Rd2 Qe8 53. Qc5 Nf5 54. Bc6 Qe6 55. b5 Nd4 56. Bd5 Qf6 57. b6 h4 58. b7 Bd6 59. Qc8 hxg3 60. fxg3 Qg5 61. Rf2 Nf5 62. b8Q Bxb8 63. Rxf5 gxf5 64. Qb7 Qd2+ 65. Kh1 Qd1+ 66. Kg2 Qd2+ 67. Kh1 Qd1+ 68. Kg2 1/2-1/2

[Event "SVK-chT2D 0910"]
[Site "Slovakia"]
[Date "2009.10.10"]
[Round "1.4"]
[White "Panko, Eduard"]
[Black "Butala, Stefan"]
[Result "1-0"]
[WhiteElo "1973"]
[BlackElo "1962"]
[PlyCount "117"]
[EventDate "2009.10.10"]
[EventType "team"]
[EventRounds "11"]
[EventCountry "SVK"]
[SourceTitle "EXT 2011"]
[Source "ChessBase"]
[SourceDate "2010.11.26"]
[SourceVersion "1"]
[SourceVersionDate "2010.11.26"]
[SourceQuality "1"]
[WhiteTeam "Magura Zborov"]
[BlackTeam "Velke Kapusany"]
[WhiteTeamCountry "SVK"]
[BlackTeamCountry "SVK"]

1. e4 c5 2. Bc4 e6 3. Qe2 a6 4. a4 Nc6 5. c3 d6 6. d3 Be7 7. Nf3 Bf6 8. Bf4 Nge7 9. e5 Ng6 10. exf6 Nxf4 11. fxg7 Rg8 12. Qd2 Qf6 13. g3 Nh3 14. Qe3 Rxg7 15. Nbd2 Rg6 16. Bb3 Qd8 17. Bc2 Ne7 18. d4 Nd5 19. Qe2 Rg7 20. dxc5 dxc5 21. Qe5 Qf6 22. Qe2 b6 23. Ne4 Qe7 24. 0-0-0 Bb7 25. Rhe1 0-0-0 26. Ned2 Ng5 27. Nxg5 Qxg5 28. f4 Qg4 29. Qe5 Rgg8 30. Nc4 Qg7 31. Nd6+ Kb8 32. Nxf7+ Qxe5 33. Rxe5 Rd7 34. Ng5 h6 35. Nxe6 Re8 36. Nxc5 Rde7 37. Rxe7 Nxe7 38. Nxb7 Kxb7 39. Re1 Kc6 40. Re6+ Kd7 41. Rxb6 Nd5 42. Rxh6 Re1+ 43. Kd2 Rf1 44. Be4 Nc7 45. b4 Rf2+ 46. Kd3 Rb2 47. f5 Ke7 48. g4 Ra2 49. g5 Ra1 50. Rh7+ Kd6 51. g6 Ne8 52. Kc4 Nf6 53. Bb7 Rf1 54. Rh6 Rf4+ 55. Kb3 Rg4 56. g7 Ke5 57. Rg6 Rxg6 58. fxg6 Kf5 59. Bd5 1-0

[Event "SVK-chT2D 0809"]
[Site "Slovakia"]
[Date "2008.12.07"]
[Round "6.5"]
[White "Fecko, Juraj"]
[Black "Butala, Stefan"]
[Result "0-1"]
[WhiteElo "1884"]
[BlackElo "1971"]
[PlyCount "63"]
[EventDate "2008.10.11"]
[EventType "team-tourn"]
[EventRounds "11"]
[EventCountry "SVK"]
[SourceTitle "EXT 2010"]
[Source "ChessBase"]
[SourceDate "2010.11.25"]
[SourceVersion "1"]
[SourceVersionDate "2010.11.25"]
[SourceQuality "1"]
[WhiteTeam "Michalovce Zemplin II"]
[BlackTeam "Velke Kapusany Energetik"]
[WhiteTeamCountry "SVK"]
[BlackTeamCountry "SVK"]

1. e4 c5 2. Nf3 e6 3. d4 cxd4 4. Nxd4 a6 5. Bc4 b5 6. Bb3 Bb7 7. 0-0 Bxe4 8. Re1 Bb7 9. Nc3 Be7 10. Qe2 Nf6 11. Bg5 0-0 12. Rad1 Nc6 13. Nxe6 fxe6 14. Bxe6+ Kh8 15. Bxf6 Bxf6 16. Rxd7 Qb8 17. Qh5 Nd4 18. Bf7 Bc6 19. Bg6 h6 20. Rf7 Qf4 21. Rxf8+ Rxf8 22. Ne4 Nxc2 23. Qc5 Bd4 24. Qxc2 Bxe4 25. Rxe4 Bxf2+ 26. Kf1 Qf6 27. Re8 Bc5+ 28. Ke2 Qf1+ 29. Kd2 Bb4+ 30. Ke3 Bc5+ 31. Kd2 Qxg2+ 32. Kd3 0-1